Mira Davis Quiz 3 - Statistics

General Stats
  • This quiz has been taken 13 times
  • The average score is 9 of 17
Answer Stats
Hint Answer % Correct
What is Mira Davis' number 1 fruit, that she mayn't dare to not finish in its entirety? Apple
90%
What percentage did Mira Davis acquire on her Year 11 Term 1 Biology Exam? 100
70%
What sport did Mira Davis compete in for her last 2 years of GC5 in High school? (Yr9&10) Basketball
70%
What does Mira Davis, strangely might I add, not include in her signature salads? Dressing
70%
What is Mira Davis' #1 quote. Hint: It floats Whatever floats your boat
70%
When is Mira Davis' EXACT date of birth? 20th August 2008
60%
What game with 'Jiggle physics' is Mira Davis ever so excited for? GTA 6
60%
What is the name of the only rapper Mira Davis has admitted was attractive? Kendrick Lamar
60%
What sport did Mira Davis compete in for her first 2 years of High school at GC5? (Yr7&8) Touch Football
60%
What is Mira Davis' favorite dog breed to consume? Hint: The Mirizzler Song Chihuahua
50%
What is the name of the only actor Mira Davis has admitted was attractive? Michael B. Jordan
50%
Which Tom Holland movie did Mira Davis greatly indulge in during the year of 2022? Uncharted
50%
As of the beginning of May 2025, how many hours of driving does Mira Davis have logged? 83
40%
What animal does Mira's Smegma come from? Hint: ... Cheese Deer
40%
Which food establishment did Mira Davis do one training shift at in 2024? Throwers fish and chips
30%
Which city did the pen Mira Davis caused Ava to lose come from? Berlin
20%
What is the title of the Mirrizler group's 2023 hit parody song of 'You belong with me'? My parents didn't want me
20%
No matching quizzes found
Score Distribution
Percent of People with Each Score
Percentile by Number Answered
Your Score History
You have not taken this quiz